00928nam a22002177a 4500999001700000008004100017040001500058050002500073100002600098245017900124250001200303260005300315300002300368650003800391650005100429650002400480700002700504700003300531942002900564952011700593 c17427d17427190212b xxu||||| |||| 00| 0 eng d aKABUcKABU aK212b.R66 2017 c. 1 aRonoh, Lamek Kiprutto aInvestigating selected egocentric users on social media platforms using social network analysis in mining forensic evidence for law enforcement in KenyacLamek Kiprutto Ronoh a1st ed. aKabarak, Nakuru, KenyabKabarak Universityc2017 axv, 195 p.eCD-ROM aLawvMethodologyxData processing aInformation storage and retrieval systemsxLaw aElectronic evidence aRabah, KefacProfessor aKarie, Nickson MenzacDoctor 2lcccTHEe1sthK212kThe 00102lcc70aKABUbKABUd2019-02-12l0oK212 .R66 2017 c. 1p022877r2019-02-12 00:00:00tc. 1w2019-02-12yTHE